000 00627nam a2200241Ia 4500
005 20251020182500.0
008 200515s9999 xx 000 0 und d
020 _a84-481-0509-5
082 _a624.94/G25/1996
100 _aGarcía-Badell, José Javier
245 0 _aCálculo por computadora de estructuras de hormigón armado : Diseño por plotter o impresora
250 _a2a ed.
260 _aMadrid
260 _bMcGraw-Hill
260 _c1997
300 _a513 p.
300 _btbl., graf.
500 _a1 ejemplar
650 _aCONCRETO ARMADO
650 _aESTRUCTURAS
942 _cLIB
999 _c1132
_d1132